Bodka za brigádnickým letom Nad výsledkami študentskej letnej aktivity 1982

Bibliographic Details
Main Authors: Pavlásek, Milan (Author), Komár, Pavol (Author)
Format: Article
Language:Slovak
PhysicalDescription:Obr. 4.
Subjects:

MARC

LEADER 00000nab a2200000 a 4500
001 vtls000132092
003 SK-MaSNL
005 20260305005622.0
008 111104c1982 xo 0 slo
015 |a SNBRB19rr/mm-uuuuu 
035 |a CL0142198 
040 |a SNKBUCL  |b slo  |c SNKBUCL  |e AACR2 
041 0 |a slo 
044 |a xo  |c SK 
080 |a 329.78(437)SZM  |2 1981 
100 1 |a Pavlásek, Milan  |4 aut  |9 430652 
245 1 0 |a Bodka za brigádnickým letom  |b Nad výsledkami študentskej letnej aktivity 1982  |c Milan Pavlásek, Pavol Komár 
300 |b Obr. 4. 
610 2 7 |a Socialistický zväz mládeže  |2 snkbucl  |9 51618 
650 0 7 |a mládež  |2 snkbucl  |9 1575 
650 0 7 |a stredoškolskí študenti  |2 snkbucl  |9 3980 
650 0 7 |a aktivita letná  |2 snkbucl  |9 923932 
655 7 |a články z novín a časopisov  |2 snkbucl  |9 267496 
700 1 |a Komár, Pavol  |4 aut  |9 625609 
773 0 |t Smena  |g Roč. 35, č. 286 (2. 12. 1982), s. 4 
850 |a Slovenská národná knižnica v Martine  |a MTA001 
852 |a SNK  |b KIS3GCP 
958 |a RK 
992 |a RBX 
999 |c 3241439  |d 3243369